La literatura griega
Zapisane w:
| 1. autor: | |
|---|---|
| Format: | Książka |
| Język: | hiszpański |
| Wydane: |
Ciudad de México
Fondo de cultura económica
1958
|
| Wydanie: | 4a. ed |
| Seria: | Breviarios, 1
|
| Hasła przedmiotowe: | |
| Etykiety: |
Dodaj etykietę
Nie ma etykietki, Dołącz pierwszą etykiete!
|
MARC
| LEADER | 00000cam a2200000 a 4500 | ||
|---|---|---|---|
| 001 | UCH6486 | ||
| 003 | CL-VaPUC | ||
| 008 | 091109e19580000MX |||||||||||||||||spa|d | ||
| 082 | 0 | 4 | |a 880.9 |b BOW |2 21 |
| 100 | |a Bowra, C. M |e author |9 561274 | ||
| 245 | 1 | 3 | |a La literatura griega |
| 250 | |a 4a. ed | ||
| 300 | |a 215 p | ||
| 942 | |c BK | ||
| 945 | |d 20091109 00:00:00 |a ccalabra | ||
| 260 | |a Ciudad de México |b Fondo de cultura económica |c 1958 | ||
| 600 | 0 | |a Homero |e autor |9 265577 | |
| 600 | 0 | 7 | |a HESIODO |2 CL-VaPUC |9 334567 |
| 600 | 0 | 7 | |a PLATON |2 CL-VaPUC |9 222 |
| 600 | 0 | |a Aristóteles, |d 384 a.C.- 322 a.C. |9 194 | |
| 650 | 0 | |a Literatura |9 259151 | |
| 650 | 7 | |a LITERATURA GRIEGA |2 CL-VaPUC |9 258054 | |
| 650 | 0 | |a Tragedia griega |9 265362 | |
| 650 | 7 | |a HISTORIA DE LA LITERATURA GRIEGA |2 CL-VaPUC |9 543035 | |
| 650 | 7 | |a POESIA LIRICA |2 CL-VaPUC |9 319262 | |
| 651 | 0 | |a Grecia |9 265314 | |
| 583 | |a last modification |c 20130321 05:55:08 |k Rodrigo Vera | ||
| 490 | 0 | |a Breviarios, 1 | |
| 999 | |c 337365 |d 337363 | ||
| 952 | |0 0 |1 0 |4 0 |6 880_900000000000000_BOW_1958 |7 0 |8 A |9 429779 |a BIBEDU |b BIBEDU |d 2019-11-22 |i 4956850 |o 880.9 BOW 1958 |p 4956850 |r 2019-11-22 |w 2019-11-22 |y BK |k LIT | ||